000 00508nam a2200205Ia 4500
005 20220613145735.0
008 131103s9999 xx 000 0 und d
020 _cRs.30.00
040 _aLoreto College
041 _aBengali
082 _a891.44B
_bSEN-BAN
100 _aBandopadhyay, Partha Pratim
245 _aRamprasad
_cPartha Pratim Bandopadhyay
260 _aKolkata
_bPapirus
_c2003
300 _a63p.
650 _aSen, Ramprasad
651 _aBiography
850 _aLCBED
942 _cBK
999 _c38236
_d88715